<?xml version="1.0" encoding="UTF-8"?>
<record
    xmlns:xsi="http://www.w3.org/2001/XMLSchema-instance"
    xsi:schemaLocation="http://www.loc.gov/MARC21/slim http://www.loc.gov/standards/marcxml/schema/MARC21slim.xsd"
    xmlns="http://www.loc.gov/MARC21/slim">

  <leader>03298nam a2200265   4500</leader>
  <datafield tag="020" ind1=" " ind2=" ">
    <subfield code="a">1506297382</subfield>
  </datafield>
  <datafield tag="040" ind1=" " ind2=" ">
    <subfield code="c">PAK- NSHS NUST</subfield>
  </datafield>
  <datafield tag="082" ind1="0" ind2="0">
    <subfield code="a">572.076</subfield>
    <subfield code="b">KAP</subfield>
  </datafield>
  <datafield tag="100" ind1="1" ind2=" ">
    <subfield code="a">Kaplan Test Prep</subfield>
    <subfield code="9">134332</subfield>
  </datafield>
  <datafield tag="110" ind1=" " ind2=" ">
    <subfield code="a">Kaplan Test Prep</subfield>
    <subfield code="9">134333</subfield>
  </datafield>
  <datafield tag="245" ind1=" " ind2=" ">
    <subfield code="a">MCAT Biochemistry Review 2026-2027: Online + Book /</subfield>
    <subfield code="c">Kaplan Test Prep</subfield>
  </datafield>
  <datafield tag="260" ind1=" " ind2=" ">
    <subfield code="a">New York :</subfield>
    <subfield code="b">Kaplan Test Prep,</subfield>
    <subfield code="c">2025.</subfield>
  </datafield>
  <datafield tag="300" ind1=" " ind2=" ">
    <subfield code="a">xxviii, 573 pages:</subfield>
    <subfield code="b">illustrations (color) ;</subfield>
    <subfield code="c">27.5 cm</subfield>
  </datafield>
  <datafield tag="440" ind1=" " ind2=" ">
    <subfield code="a">MCAT Biochemistry Review 2026-2027: Online + Book /</subfield>
    <subfield code="x">1506297382</subfield>
    <subfield code="9">134334</subfield>
  </datafield>
  <datafield tag="500" ind1=" " ind2=" ">
    <subfield code="a">Includes  index.</subfield>
  </datafield>
  <datafield tag="505" ind1=" " ind2=" ">
    <subfield code="a">1- Cover, 2- Title Page, 3- Copyright Page, 4- Table of Contents, 5- The Kaplan MCAT Review Team, 6- Getting Started Checklist, 7- Preface, 8- About the MCAT, 9- How This Book Was Created, 10- Using This Book, 11- Studying for the MCAT, 12- Chapter 1: Amino Acids, Peptides, and Proteins, 13- Chapter 2: Enzymes, 14- Chapter 3: Nonenzymatic Protein Function and Protein Analysis, 15- Chapter 4: Carbohydrate Structure and Function, 16- Chapter 5: Lipid Structure and Function, 17- Chapter 6: DNA and Biotechnology, 18- Chapter 7: RNA and the Genetic Code, 19- Chapter 8: Biological Membranes, 20- Chapter 9: Carbohydrate Metabolism I, 21- Chapter 10: Carbohydrate Metabolism II, 22- Chapter 11: Lipid and Amino Acid Metabolism, 23- Chapter 12: Bioenergetics and Regulation of Metabolism, 24- Glossary, 25- Index, 26- Art Credits.</subfield>
  </datafield>
  <datafield tag="520" ind1=" " ind2=" ">
    <subfield code="a"> Kaplan's MCAT Biochemistry Review 2026-2027 offers an expert study plan, detailed subject review, and hundreds of online and in-book practice questions--all authored by the experts behind Kaplan's score-raising MCAT prep course. Prepping for the MCAT is a true challenge. Kaplan can be your partner along the way--offering guidance on where to focus your efforts and how to organize your review. This book has been updated to match the AAMC's guidelines precisely--no more worrying about whether your MCAT review is comprehensive! The Most Practice More than 350 questions in the book and access to even more online--more practice than any other MCAT biochemistry book on the market. The Best Practice Comprehensive biochemistry subject review is written by top-rated, award-winning Kaplan instructors. Full-color, 3-D illustrations, charts, graphs and diagrams help turn even the most complex science into easy-to-visualize concepts. All material is vetted by editors with advanced science degrees and by a medical doctor. Online resources, including a full-length practice test, help you practice in the same computer-based format you'll see on Test Day. Expert Guidance High-yield badges throughout the book identify the topics most frequently tested by the AAMC. We know the test: The Kaplan MCAT team has spent years studying every MCAT-related document available. Kaplan's expert psychometricians ensure our practice questions and study materials are true to the test.'Provided by Publishers.,</subfield>
  </datafield>
  <datafield tag="546" ind1=" " ind2=" ">
    <subfield code="a">In English.</subfield>
  </datafield>
  <datafield tag="650" ind1=" " ind2=" ">
    <subfield code="a">Biochemistry</subfield>
    <subfield code="v">Examinations, questions,</subfield>
    <subfield code="9">134335</subfield>
  </datafield>
  <datafield tag="650" ind1=" " ind2=" ">
    <subfield code="a">Medical College Admission Test</subfield>
    <subfield code="v">Study guides.</subfield>
    <subfield code="9">126729</subfield>
  </datafield>
  <datafield tag="650" ind1=" " ind2=" ">
    <subfield code="a">Biochemistry</subfield>
    <subfield code="v">Study guides.</subfield>
    <subfield code="9">134336</subfield>
  </datafield>
  <datafield tag="700" ind1=" " ind2=" ">
    <subfield code="a">Kaplan Test Prep</subfield>
    <subfield code="9">134332</subfield>
  </datafield>
  <datafield tag="942" ind1=" " ind2=" ">
    <subfield code="2">ddc</subfield>
    <subfield code="c">BK</subfield>
  </datafield>
  <datafield tag="999" ind1=" " ind2=" ">
    <subfield code="c">617315</subfield>
    <subfield code="d">617315</subfield>
  </datafield>
  <datafield tag="952" ind1=" " ind2=" ">
    <subfield code="0">0</subfield>
    <subfield code="1">0</subfield>
    <subfield code="2">ddc</subfield>
    <subfield code="4">0</subfield>
    <subfield code="7">-2</subfield>
    <subfield code="a">NSHS</subfield>
    <subfield code="b">NSHS</subfield>
    <subfield code="c">GEN</subfield>
    <subfield code="d">2026-04-30</subfield>
    <subfield code="e">Allied Book Company</subfield>
    <subfield code="o">572.076 KAP</subfield>
    <subfield code="p">NSHS-2158</subfield>
    <subfield code="r">2026-05-06</subfield>
    <subfield code="t">c.1</subfield>
    <subfield code="w">2026-05-06</subfield>
    <subfield code="y">BK</subfield>
  </datafield>
  <datafield tag="952" ind1=" " ind2=" ">
    <subfield code="0">0</subfield>
    <subfield code="1">0</subfield>
    <subfield code="2">ddc</subfield>
    <subfield code="4">0</subfield>
    <subfield code="7">-2</subfield>
    <subfield code="a">NSHS</subfield>
    <subfield code="b">NSHS</subfield>
    <subfield code="c">GEN</subfield>
    <subfield code="d">2026-05-06</subfield>
    <subfield code="e">Allied Book Company.</subfield>
    <subfield code="o">572.076 KAP</subfield>
    <subfield code="p">NSHS-2159</subfield>
    <subfield code="r">2026-05-06</subfield>
    <subfield code="t">c.2</subfield>
    <subfield code="w">2026-05-06</subfield>
    <subfield code="y">BK</subfield>
  </datafield>
</record>
